| 000 | 00493nam a2200181Ia 4500 | ||
|---|---|---|---|
| 999 |
_c3803 _d3803 |
||
| 003 | OSt | ||
| 005 | 20200818113740.0 | ||
| 008 | 190216s9999||||xx |||||||||||||| ||und|| | ||
| 020 | _a9788189473310 | ||
| 040 | _coclc | ||
| 082 |
_a541.33 _bDES/S |
||
| 100 |
_aDesai, K R _94182 |
||
| 245 | 0 |
_aSurface Chemisrty / _cK R Desai |
|
| 260 |
_bOxford Book Company, _c2008. _aJaipur: |
||
| 300 | _a298p | ||
| 650 | _aChemistry | ||
| 942 |
_cBK _2ddc _h541.33 _iDES/S _k541.33 _mDES/S |
||